Statistiques concernant Pokémon ayant un total de base stats entre 550 et 600

Cliquez ici pour prendre le quiz!

Statistiques générales

  • Ce quiz a été pris 101 fois
    (17 depuis la dernière actualisation)
  • Le résultat moyen est 98 sur 134

Statistiques - réponses

TotalPokémon% Correct
600Mew
100%
600Manaphy
91%
570Ama-Ama
82%
580Artikodin
82%
580Artikodin de Galar
82%
570Bamboiselle
82%
580Blizzeval
82%
580Boréas
82%
570Câblifère
82%
570Cancrelove
82%
600Carchacrok
82%
600Celebi
82%
580Cobaltium
82%
580Créfadet
82%
580Créfollet
82%
580Créhelf
82%
580Cresselia
82%
600Darkrai
82%
600Démétéros
82%
600Deoxys
82%
600Dracolosse
82%
600Drattak
82%
600Ékaïser
82%
580Électhor
82%
580Électhor de Galar
82%
570Engloutyran
82%
580Entei
82%
570Épine-de-Fer
82%
570Flotte-Mèche
82%
570Fongus-Furie
82%
570Fort-Ivoire
82%
580Fulguris
82%
600Genesect
82%
600Hoopa (Enchaîné)
82%
570Hotte-de-Fer
82%
570Hurle-Queue
82%
600Jirachi
82%
580Keldeo
82%
600Métalosse
82%
570Mite-de-Fer
82%
570Mouscoto
82%
600Muplodocus
82%
600Muplodocus de Hisui
82%
600Necrozma (Forme Normale)
82%
570Paume-de-Fer
82%
570Pierroteknik
82%
580Raikou
82%
570Rampe-Ailes
82%
580Regice
82%
580Regidrago
82%
580Regieleki
82%
580Regirock
82%
580Registeel
82%
570Roue-de-Fer
82%
600Shaymin
82%
580Spectreval
82%
580Suicune
82%
580Sulfura
82%
580Sulfura de Galar
82%
580Terrakium
82%
570Têtes-de-Fer
82%
570Tokopisco
82%
570Tokopiyon
82%
570Tokorico
82%
570Tokotoro
82%
600Trioxhydre
82%
600Tyranocif
82%
580Viridium
82%
600Volcanion
82%
600Zarude
82%
600Zeraora
82%
570Zéroïd
82%
600Zygarde (50%)
82%
570Baojian
73%
590Chef-de-Fer
73%
570Chongjian
73%
600Diancie
73%
570Dinglu
73%
590Garde-de-Fer
73%
600Glaivodo
73%
590Ire-Foudre
73%
570Katagami
73%
600Lanssorien
73%
600Latias
73%
600Latios
73%
600Magearna
73%
600Marshadow
73%
600Méga-Alakazam
73%
600Méga-Ectoplasma
73%
575Méga-Élecsprint
73%
579Méga-Roucarnage
73%
600Méga-Scarabrute
73%
600Méga-Scarhino
73%
600Meloetta
73%
570Pelage-Sablé
73%
590Roc-de-Fer
73%
590Serpente-Eau
73%
550Shifours
73%
590Vert-de-Fer
73%
600Victini
73%
570Yuyu
73%
590Feu-Perçant
64%
550Gromago
64%
600Heatran
64%
565Méga-Absol
64%
555Méga-Branette
64%
600Méga-Cizayox
64%
600Méga-Démolosse
64%
590Méga-Kangourex
64%
580Méga-Lockpin
64%
580Méga-Oniglali
64%
600Melmetal
64%
550Pyrax
64%
590Rugit-Lune
64%
570Silvallié
64%
600Terapagos (Forme Téracristal)
64%
580Amovénus
55%
594Méga-Blizzaroi
55%
560Méga-Camérupt
55%
560Méga-Sharpedo
55%
600Pêchaminus
55%
600Pondralugon
55%
555Arcanin
45%
555Arcanin de Hisui
45%
555Favianos
45%
555Félicanis
45%
555Fortusimia
45%
590Méga-Altaria
45%
590Méga-Flagadoss
45%
550Ogerpon
45%
550Ursaking
45%
567Aéroptéryx
36%
552Florges
36%
550Scalpereur
36%

Distribution des résultats

Percentile par nombre de réponses

% des personnes avec chaque résultat

Votre développement - résultats

Vous n’avez pas pris ce quiz depuis la dernière actualisation